| 000 | 00634nam a2200169Ia 4500 | ||
|---|---|---|---|
| 008 | 090711s9999 xx 000 0 und d | ||
| 082 | _b73410 | ||
| 100 | _aकुकडे सुमती | ||
| 245 | _aआजारी मुलांSाा आजारपणातील आहार | ||
| 260 | _c1994 | ||
| 300 | _a96 | ||
| 600 | _aकुकडे सुमती | ||
| 630 | _aआजारी मुलांSाा आजारपणातील आहार | ||
| 700 | _aकुकडे सुमती | ||
| 730 | _aआजारी मुलांSाा आजारपणातील आहार | ||
| 942 | _cBOOK | ||
| 999 |
_c312227 _d312227 |
||